000 00384nam a2200145Ia 4500
005 20260326235450.0
008 260326s9999||||xx |||||||||||||| ||und||
100 _aMorales Hendry, Carlos
245 0 _aUndurraga y Devés Arquitectos /
_cCarlos Morales Hendry
260 _bEscala
300 _a243 p.
440 _aCOLECCIÓN SOMOSUR - TOMO 22
650 _aARQUITECTOS
942 _cBK
999 _c7717
_d7717